[Event "HUN-chT2 Toth 0910"]
[Site "Hungary"]
[Date "2010.05.02"]
[Round "11.11"]
[White "Koczo, Attila"]
[Black "Vajda, Akos"]
[Result "0-1"]
[WhiteElo "1763"]
[BlackElo "1958"]
[PlyCount "112"]
[EventDate "2009.11.08"]
[EventType "team-tourn"]
[EventRounds "11"]
[EventCountry "HUN"]
[SourceTitle "EXT 2011"]
[Source "ChessBase"]
[SourceDate "2010.11.26"]
[SourceVersion "1"]
[SourceVersionDate "2010.11.26"]
[SourceQuality "1"]
[WhiteTeam "Kisujszallas"]
[BlackTeam "Maroczy II"]
[WhiteTeamCountry "HUN"]
[BlackTeamCountry "HUN"]

1. d4 Nf6 2. c4 c5 3. Nf3 cxd4 4. Nxd4 Nc6 5. Nc3 g6 6. e4 d6 7. Be2 Bg7 8. Be3 0-0 9. 0-0 Bd7 10. f3 a6 11. Rb1 Rc8 12. Nd5 Ne5 13. Qb3 Bc6 14. Nb6 Rb8 15. a4 Ned7 16. Nc2 Nc5 17. Qb4 a5 18. Qxa5 Nfd7 19. b4 Nxa4 20. b5 Naxb6 21. bxc6 bxc6 22. Nb4 Bc3 23. Qa3 Bxb4 24. Rxb4 Qc7 25. Rfb1 c5 26. Rb5 Rb7 27. h4 h5 28. f4 Nf6 29. f5 Rfb8 30. fxg6 fxg6 31. Qd3 Nbd7 32. Rxb7 Rxb7 33. Rxb7 Qxb7 34. Bg5 Ne5 35. Qc2 Kf7 36. Bxf6 exf6 37. Bf3 Qb4 38. Qd1 Nxc4 39. Qd5+ Kg7 40. Qd1 Qd2 41. Qb1 Qb2 42. Qf1 Qd4+ 43. Kh1 Nd2 44. Qa6 Nxf3 45. Qb7+ Kh6 46. gxf3 Qd1+ 47. Kg2 Qe2+ 48. Kg3 g5 49. hxg5+ fxg5 50. Qd5 h4+ 51. Kg4 Qg2+ 52. Kf5 Qh3+ 53. Kf6 Qxf3+ 54. Ke7 Qf4 55. Qe6+ Kh5 56. Qh3 g4 0-1